| 000 | 00542 a2200169 4500 | ||
|---|---|---|---|
| 020 | _a3540430288 | ||
| 020 | _a9783540430285 | ||
| 082 | _a519.3 | ||
| 090 |
_c944 _d944 |
||
| 100 | 1 | _aSorin, Sylvain. | |
| 245 | 1 | 2 |
_aA first course on zero sum repeated games / _cSylvain Sorin. |
| 260 |
_a[S.l.] : _bSpringer, _c2002. |
||
| 300 |
_a206 p. ; _c16 cm. |
||
| 700 | _aSorin, Sylvain. | ||
| 942 |
_aSNS _cBK _k519.3 SOR |
||
| 999 |
_c29564 _d29564 |
||